| 000 | 05901cam a22005775i 4500 | ||
|---|---|---|---|
| 001 | 21681253 | ||
| 005 | 20230103184333.0 | ||
| 006 | m |o d | | ||
| 007 | cr ||||||||||| | ||
| 008 | 171007s2018 si |||| o |||| 0|eng | ||
| 906 |
_a0 _bibc _corigres _du _encip _f20 _gy-gencatlg |
||
| 925 | 0 |
_aacquire _epcnspringer _xpolicy default |
|
| 035 | _a(DE-He213)978-981-10-4932-3 | ||
| 010 | _a 2019747509 | ||
| 020 | _a9789811049323 | ||
| 024 | 7 |
_a10.1007/978-981-10-4932-3 _2doi |
|
| 040 |
_aDLC _beng _epn _erda _cDLC |
||
| 072 | 7 |
_aJBSD _2thema |
|
| 072 | 7 |
_aJHB _2bicssc |
|
| 072 | 7 |
_aJHB _2thema |
|
| 072 | 7 |
_aSOC026030 _2bisacsh |
|
| 082 | 0 | 4 |
_a307.76 _223 |
| 097 | 0 | 0 | _aHT101-395 |
| 245 | 0 | 0 |
_aSustainable Urbanization in India : _bChallenges and Opportunities / _cedited by Jenia Mukherjee. |
| 250 | _a1st ed. 2018. | ||
| 264 | 1 |
_aSingapore : _bSpringer Singapore : _bImprint: Springer, _c2018. |
|
| 300 | _a1 online resource (XXV, 317 pages 45 illustrations, 40 illustrations in color.) | ||
| 336 |
_atext _btxt _2rdacontent |
||
| 337 |
_acomputer _bc _2rdamedia |
||
| 338 |
_aonline resource _bcr _2rdacarrier |
||
| 347 |
_atext file _bPDF _2rda |
||
| 490 | 1 |
_aExploring Urban Change in South Asia, _x2367-0045 |
|
| 505 | 0 | _aChapter 1. Indian Urban Trajectories: Addressing 'Sustainability' across Micro-political Settings Jenia Mukherjee -- Chapter 2. Towards Sustainable Cities in India Annapurna Shaw. Section 1: Governing Investments and Infrastructures -- Chapter 3. Structural Limits to Equitable Urbanization Achin Chakraborty.-Chapter 4. Alternative Provision of Tenure Security and Rights to the Urban Poor: A Case Study from Ahmedabad Atanu Chatterjee -- Chapter 5. State, Governance and Urban Poor: Insights from Visakhapatnam City Debapriya Ganguly -- Chapter 6. Performing Governance in Urban Patna Sheema Fatima -- Chapter 7. Sustainability of Urban Fringe Development and Management in NCT - Delhi: A Case Study Ramkrishna Nallathiga, Suhani Taneja, Anusha Gupta and Bitul Gangal. Section 2: Managing Wastes and Wetlands -- Chapter 8. Evaluating Municipal Solid Waste Management in Indian Cities: A Comparative Assessment of Three Metros in South India Sajith Shaik and Avinash Y. Kumar -- Chapter 9. Electronic Waste in Urban India: A Major Sustainability Challenge Anwesha Borthakur -- Chapter 10. How Expensive is the Decay of East Kolkata Wetlands? An Estimation of Opportunity Cost for Kolkata Debanjana Dey and Sarmila Banerjee -- Chapter 11. Urban Ecologies in Transition: Contestations and Negotiations surrounding Waste in Mumbai Sneha Sharma and D. Parthasarathy. Section 3: Exploring Ecologies and Environmentalisms.-Chapter 12. Sustainability or (Sustain)ability? Environmentalism and Shades of Power in a Metropolis Amit Jain -- Chapter 13. Gentrification and Rising Urban Aspirations in the Inner City: Redefining Urbanism in Mumbai Dwiparna Chatterjee and D. Parthasarathy -- Chapter 14. Communities in a 'Protected' Urban Space and Conservation Politics in Mumbai's Sanjay Gandhi National Park Amrita Sen and Sarmistha Pattanaik -- Chapter 15. Urban at the Edges: Mumbai's Coastline Urbanisms Hemant Kumar Chouhan, D. Parthasarathy and Sarmistha Pattanaik -- Chapter 16. Contested Urban Waterscape of Udaipur Neha Singh, D. Parthasarathy and N.C. Narayanan. | |
| 520 | _aThis comprehensive volume contributes to the existing and emerging body of literature on contemporary urbanization and the interactions between cities and the environment. The volume is contextualized against latest theories, debates and discussions on 'sustainable urbanization', the post-2015 development agenda of the United Nations and India's official launching of the 'smart city' agenda. Reflecting on three major components of urban sustainability: investments and infrastructures, waste management, and urban ecologies and environmentalisms, it moves beyond the bi-centric approach of only looking into the differences between the 'developed' and the 'developing' world and reflects on cities across India using polycentric methods and approaches. The Indian urban scenario is extremely complex and diverse, and solutions laid out in official and non-official documents tend to miss these complexities. This volume includes innovative research across different parts of India, identifying city-specific sources of unsustainability and challenges along with strategies and potentials that would make the process of urban transition both sustainable and equitable. Complex explorations of non-linear, bottom-up, multisectoral process-based local urban contexts across north, south, east and west Indian cities in this volume critique a general acceptance of the universalized concept of 'sustainable urbanization' and suggest ways that might be important for transcending inclusive theories to form practical policy-based recommendations and actions. | ||
| 588 | _aDescription based on publisher-supplied MARC data. | ||
| 650 | 0 | _aSociology, Urban. | |
| 650 | 0 | _aUrban economics. | |
| 650 | 0 | _aUrban geography. | |
| 650 | 1 | 4 |
_aUrban Studies/Sociology. _0https://scigraph.springernature.com/ontologies/product-market-codes/X22250 |
| 650 | 2 | 4 |
_aUrban Economics. _0https://scigraph.springernature.com/ontologies/product-market-codes/W49010 |
| 650 | 2 | 4 |
_aUrban Geography / Urbanism (inc. megacities, cities, towns). _0https://scigraph.springernature.com/ontologies/product-market-codes/J15010 |
| 700 | 1 |
_aMukherjee, Jenia. _eeditor. |
|
| 776 | 0 | 8 |
_iPrint version: _tSustainable urbanization in India. _z9789811049316 _w(DLC) 2017940337 |
| 776 | 0 | 8 |
_iPrinted edition: _z9789811049316 |
| 776 | 0 | 8 |
_iPrinted edition: _z9789811049330 |
| 776 | 0 | 8 |
_iPrinted edition: _z9789811310003 |
| 776 | 0 | 8 |
_iPrinted edition: _z9789811352706 |
| 830 | 0 |
_aExploring Urban Change in South Asia, _x2367-0045 |
|
| 985 | _aspringerpcn | ||
| 991 |
_as-Online _hElectronic Resource |
||
| 999 |
_c11148 _d11148 |
||